Los Orígenes de la iberización en la zona costera del nordeste de Cataluña / por Mª Aurora Martín Ortega
Descripción Física:
p. 187-196 ; 27 cm
Colección:
Monografies ; 56
Materias:
Ibers -- Catalunya
MARC
| LEADER | 00000nam a2200000Ia 4500 | ||
|---|---|---|---|
| 001 | 7822 | ||
| 008 | 160829s1976 - 78 xx 000 0 cat d | ||
| 080 | |a FU-21-42 | ||
| 100 | |a Martín i Ortega, Aurora |9 30130 | ||
| 245 | |a Los Orígenes de la iberización en la zona costera del nordeste de Cataluña / por Mª Aurora Martín Ortega | ||
| 260 | |a Barcelona : |b Diputació de Barcelona. Institut de Prehistòria i Arqueologia, |c 1976 - 78 | ||
| 300 | |a p. 187-196 ; |c 27 cm | ||
| 490 | |a Monografies ; 56 | ||
| 590 | |a Separata d'Ampurias ; 38-40. | ||
| 590 | |a Simposi Internacional: Els orígens del món ibèric. Barcelona - Empúries, 1977 | ||
| 650 | |a Ibers |x Catalunya |9 32445 | ||
| 710 | 2 | |a Institut de Prehistòria i Arqueologia (Barcelona, Catalunya) |9 52785 | |
| 901 | |a Arxiu | ||
| 942 | |n 1 | ||
| 952 | |0 0 |1 0 |4 0 |6 FU2142 |7 1 |9 45283 |a Arxiu |b Arxiu |d 2016-12-01 |l 0 |o FU-21-42 |p 7822 |r 2016-12-01 00:00:00 |w 2016-12-01 |y ARXIU | ||
| 999 | |c 48357 |d 48357 | ||